1349 1820 1795 1063 1289 1926 1232 1632 1219 1021 1353 1450 1316 1155 1267 1766 1417 1265 1060 1156 1871 1864 1189 1164 1540 1213 1516 1975 1191 1826 1525 1075 1177 1153 1668 1588 1391 1643 1949 1989 1994 1382 1864 1342 1486 1513 1760 1953 1928 1174 1415 1134 1215 1387 1584 1652 1577 1087 1390 1495 1597 1888 1597 1294 1947 1120 1231 1168 1031 1610 1932 1193 1296 1949 1710 1563 1453 1664 1291 1574 1426 1601 1950 1105 1325 1597 1978 1765 1070 1960 1157 1086 1973 1660 1709 1503 1928 1793 1873 BCNSPRNW ULIB Ver.6.0+V

เปลี่ยนเป็นภาษาไทย

Change to English
 แสดงรายละเอียดบรรณานุกรม
  กลับหน้าหลัก

Brief Record : Get Marc (ISO 2709) : E-mail record : QR code < ปิดหน้าต่าง
LEADER : 00000nam 2200000uu 4500
001    13399111202
003     ULIB
008    110620s2008||||th 000 0 eng d
020    1418066060
024    9781418066062
060 04 WY193^bH464n 2008
100 1  Hegner, Barbara R
245 00 Nursing assistant :^ba nursing process approach /^cBarbaraR. Hegner, Barbara Acello, Esther Caldwell
250    10th ed.
260    Clifton Park, N.Y. :^bThomson/Delmar Learning,^c2008
300    xvi, 998 p. :^bill. (chiefly col.) ;^c28 cm
504    Includes bibliographical references
650  2 Nurses Aides
650  2 Nursing Care
700 1  Acello, Barbara
700 1  Caldwell, Esther
945    ^p0^l0^i026180
995    Kesorn
999 ^a ใช้งานได้ทุกระบบ
รายการนี้ยังไม่มีแท็ก
คุณยังไม่ได้ล็อกอิน คุณสามารถมีกิจกรรมร่วมกับเว็บไซต์ได้ แต่ต้องล็อกอินก่อน ::
  ล็อกอิน

รายการสื่อสารสนเทศ

ลำดับที่ ประเภท เลขเรียก/บาร์โค้ด สถานที่ สถานะ
- ไม่พบข้อมูล -

รายการใกล้เคียง
    ผู้แต่ง [Hegner, Barbara R]

    หัวเรื่อง [Nurses Aides]
    หัวเรื่อง [Nursing Care]

BibComment


ยังไม่เคยถูกคอมเมนท์

คอมเมนท์ทรัพยากรรายการนี้
  คอมเมนท์: Nursing assistant..


 Copyright 2026. Bcnsprnw @Library